| 000 | 00633nam a2200205Ii 4500 | ||
|---|---|---|---|
| 003 | JO-AjNU | ||
| 008 | 230605s9999||||xx |||||||||||||| ||und|| | ||
| 040 |
_aJO-AjNU _bara _erda _cJO-AjNU |
||
| 041 | _aara | ||
| 050 | 1 | 4 | _aQA372 1980 |
| 100 | 3 |
_aرويتر, _eauthor _942539 |
|
| 245 | 0 | 0 | _aالمعادلات التفاضلية والمؤثرات |
| 250 | _aط1 | ||
| 264 | 3 | 1 | _aبيروت:مؤسسة الرسالة ،1980 |
| 300 | _a120ص | ||
| 336 |
_atext _btxt _2rdacontent |
||
| 337 |
_aunmediated _bn _2rdamedia |
||
| 338 |
_avolume _bnc _2rdacarrier |
||
| 650 | 4 |
_aالجبر-الحسابات-الرياضيات _942540 |
|
| 999 |
_aA18222 _c21790 _d21790 |
||